000 00227nam a22000857a 4500
008 160915b xxu||||| |||| 00| 0 eng d
100 _9534
_aBahuguna R
245 _aMicro Economics-XII
260 _aNew Delhi
_bDhanpat publication
_c2012
999 _c3191
_d3191